000 00835nam a22002171i 4500
001 000030551
003 RuMoIPM
005 20260513123126.0
008 041129s1982----ru | c rus
040 _aRuMoIPM
_brus
_ercr
041 0 _arus
044 _aru
080 _a51(07)
245 1 _aПособие по математике для поступающих в вузы
_c[А. Д. Кутасов, Т. С. Пиголкина, В. И. Чехлов, Т. Х. Яковлева] ; Под ред. Г. Н. Яковлева
260 _aМосква
_bНаука
_c1982
300 _a607 с.
_bил.
500 _aАвт. указаны на обороте тит. л.
700 1 _aКутасов, Александр Дмитриевич
700 1 _aЯковлев, Геннадий Николаевич
_eред.
942 _cBK
999 _c30551
_d30551